00504 2200205 4500245005000000020002200050250001100072100001300083700001200096700002400108650001600132650001000148005001900158260005700177041001400234084000800248300002300256336000900279337001000288 aInformatika untuk SMA Kelas XcMusthofahText a978-602-244-506-7 aCet. 1 aMusthofa aWahyono aChristina Tulalessy aInformatika aEbook a20230616072523 aJakartabKementerian Pendidikan dan Kebudayaanc2021 aIndonesia a004 ax, 262 hlm. :cPDF atext aother